Statistiques concernant Univers Lego Ninjago: La tribu des Anacondras

Cliquez ici pour prendre le quiz!

Statistiques générales

  • Ce quiz a été pris 63 fois
  • Le résultat moyen est 7 sur 15

Statistiques - réponses

QuestionsRéponses% Correct
Faux membre connuChen
85%
Saison d'arrivéeLa menace des serpents
85%
Couleur principale de la peauMauve / Blanc
85%
Membre connuPythor Chumsworth
85%
Couleur des yeuxRouge
83%
Faux membre connuGarmadon
48%
Membre connuArcturus
44%
PouvoirInvisibilité
43%
Lieu d'arrivéeLeur tombeau
28%
Faux membre connuEyezor
17%
Faux membre connuKapau
13%
Faux membre connuKrait
11%
Faux membre connuZugu
9%
Faux membre connuChope
7%
Faux membre connuSleven
7%

Distribution des résultats

Percentile par nombre de réponses

% des personnes avec chaque résultat

Votre développement - résultats

Vous n’avez pas pris ce quiz